La mia vita con Virginia /

Uloženo v:
Podrobná bibliografie
Hlavní autor: Woolf, Leonard (Autor)
Další autoři: Bulgheroni, Marisa (Autor úvodu atd.), Carmignani, Ilide (Překladatel)
Médium: Kniha
Jazyk:italština
Vydáno: Milano : Serra e Riva, 1989
Témata:
Tagy: Přidat tag
Žádné tagy, Buďte první, kdo vytvoří štítek k tomuto záznamu!

MARC

LEADER 00000nam a22000007i 4500
001 IT\ICCU\CFI\0207095
003 ItRI
005 20260115231930.0
008 920511s1989 it |||||| ||||| |||||c
020 |a 8877980311 
040 |b ita  |c importazione bologna sebina 
041 7 |a ita  |2 ISO-639-2 
082 |a 823.912  |9 NARRATIVA INGLESE. 1900-1945  |2 12 
100 1 |a Woolf, Leonard  |0 IT\ICCU\CFIV\116061  |4 aut 
245 1 3 |a La mia vita con Virginia /  |c Leonard Woolf ; prefazione di Marisa Bulgheroni ; traduzione di Ilide Carmignani. 
260 |a Milano :  |b Serra e Riva,  |c 1989 
300 |a XXI, 266 p. :  |b ill. ;  |c 22 cm. 
650 7 |a Woolf, Virginia 
650 7 |a Woolf, Virginia e Leonard Woolf  |2 scbi 
700 1 |a Bulgheroni, Marisa  |0 IT\ICCU\CFIV\078915  |4 aui 
700 1 |a Carmignani, Ilide  |0 IT\ICCU\CFIV\012537  |4 trl 
790 1 |a Bulgheroni Valentino, Marisa  |3 IT\ICCU\SBNV\026168  |z Bulgheroni, Marisa 
790 1 |a Woolf, Leonard Sidney  |3 IT\ICCU\TO0V\426221  |z Woolf, Leonard 
942 |2 ddc  |c BK  |n 0 
952 |0 0  |1 0  |4 0  |6 L_820_992000000000000_WOO  |7 0  |9 17001  |a BO  |b BO  |d 2026-01-15  |i 2194  |l 0  |o L 820.992 WOO  |p BO2194  |r 2026-01-15 23:19:30  |w 2026-01-15  |x [Sebina 5] [1 v.]  |y BK  |z 1 v. 
999 |c 14519  |d 14519